000 00216nam a2200085 4500
001 1234079
005 20250926112447.0
245 _aTEMEL DÜZEY İÇİN ŞEKİLLİ MATEMATİK SÖZLÜĞÜ
_cTÜBİTAK
260 _bTÜBİTAK
999 _c1234079
_d1234079